Ruka zo záhrobia /

Hlavní autor: Leonov, Nikolaj Ivanovič, 1933-1999
Další autoři: Sadovnikov, Georgij Michajlovič, 1932-
Jazyk: Slovenština
Vydáno: Bratislava : Obzor, 1972
Vydání: 1. vyd.
Edice: Romány pre každého
Fyzický popis: 203 s. ; 8°
Knihy
Uloženo v:
LEADER 00970nam a22002892a 4500
001 001230671
003 CZ BrMZK
005 20120715164429.0
007 ta
008 120715s1972 xo er|||||||||||slo d
040 |a ABA001  |b cze  |c ABA001  |d ABA001 
041 1 |a slo  |h rus 
080 9 |a 882-312.4=854 
100 1 |a Leonov, Nikolaj Ivanovič,  |d 1933-1999  |7 js20020812297  |4 aut 
245 1 0 |a Ruka zo záhrobia /  |c Nikolaj Ivanovič Leonov, Georgij Sadovnikov ; z rus. orig. prel. Viktoria Slobodníková 
250 |a 1. vyd. 
260 |a Bratislava :  |b Obzor,  |c 1972 
300 |a 203 s. ;  |c 8° 
490 1 |a Romány pre každého 
500 |a Přeloženo z ruštiny 
700 1 |a Sadovnikov, Georgij Michajlovič,  |d 1932-  |7 xx0054460  |4 aut 
765 0 |t Master  |9 Slovensky 
830 0 |a Romány pre každého 
910 |a BOA001  |b D-0676.278 
990 |a BK 
991 |b 201207 
996 6 |b 2619534163  |c D-0676.278  |l MZK  |r Sklad / do 24 hodin  |n 0  |w 001264485  |u 000010  |a 1  |e BOA001  |j MZK50  |s P